000 00671nam a2200217Ia 4500
001 12512
003 GE_BSU
008 181216s||||||||xx |||||||||||||| ||und||
040 _cGE_BSU
245 _aРеферативный журнал. Математический анализ 13Б. №8. 2014
245 _bЭлектронное издание
260 _aМосква
260 _bВинити
260 _c2014
300 _aСD
653 _acd
653 _aМатематика
653 _aРеферативный журнал. Математический анализ 13Б. №8. 2014
653 _aმათემატიკა
942 _cCF
999 _c45686
_d45686